000 00657nam a2200217Ia 4500
005 20241129110100.0
008 241129s9999||||xx |||||||||||||| ||und||
020 _a978-81-19139-23-1
037 _aTB
040 _aARTS
_beng
_cARTS
041 _aeng
_2eng
084 _aV4.L R3
_qARTS
100 _aOdegard Erik Au.
_9727146
245 0 _aCompany fortress: military engineering and the dutch East India company in South Asia, 1638-1795
_cOdegard Erik Au.
260 _aNew Delhi, India
_bNew Manohar
_c2023
300 _a292p.
365 _aINR
_b1895
650 _aHistory-Asia
_9727147
942 _cTB
_hV4.L R3
999 _c1227238
_d1227238